000 00192nam a2200085Ia 4500
008 120527s9999 xx 000 0 und d
100 _aClausen, etal
245 _aAging and society
942 _cBK
999 _c27470
_d27470